000 00399nam a22001697a 4500
003 MPLRDC
005 20220104113909.0
008 210129b ||||| |||| 00| 0 eng d
020 _a962-257-560-9
082 _a848.4 ST-3 v.3
100 _a苏童著
245 _a红粉
_c
260 _a
_b天地图书有限公司
_c1993
300 _b
650 _a现代别集
942 _cBK
_o848.4 ST-3 v.3
999 _c3208
_d3198